000
00265nam a22001217a 4500
008
171123b xxu||||| |||| 00| 0 eng d
041
_a
eng
080
_2
3 ED
_a
004
100
_a
34
101
_a
SHK
245
_a
INFORMATION PROCESING
_c
BOHL.M
942
_2
udc
_c
BK
999
_c
38332
_d
38332